Miasta w Polsce na literę C - Statystyki

Ogólne statystyki
  • Ten quiz został rozwiązany 280 razy
    66 od ostatniego zresetowania
  • Średni wynik to 25 z 49
Statystyki odpowiedzi
Liczba mieszkańców Województwo Miasto % Poprawnych
55 981 lubelskie Chełm
97%
202 415 śląskie Częstochowa
97%
98 897 śląskie Chorzów
91%
41 326 mazowieckie Ciechanów
88%
32 348 śląskie Cieszyn
88%
38 225 pomorskie Chojnice
82%
34 561 śląskie Czechowice-Dziedzice
76%
29 430 śląskie Czeladź
76%
12 821 pomorskie Człuchów
76%
17 721 kujawsko-pomorskie Chełmno
73%
33 349 małopolskie Chrzanów
73%
9995 kujawsko-pomorskie Ciechocinek
70%
16 915 wielkopolskie Chodzież
67%
9729 pomorskie Czersk
67%
1438 zachodniopomorskie Cedynia
64%
13 462 kujawsko-pomorskie Chełmża
61%
9703 wielkopolskie Czarnków
61%
8446 podlaskie Czarna Białostocka
55%
2634 pomorskie Czarna Woda
55%
3320 świętokrzyskie Chmielnik
52%
13 700 zachodniopomorskie Choszczno
52%
5500 pomorskie Czarne
52%
26 113 śląskie Czerwionka-Leszczyny
52%
12 141 dolnośląskie Chojnów
48%
4282 świętokrzyskie Chęciny
45%
7318 zachodniopomorskie Chojna
45%
4307 podlaskie Ciechanowiec
45%
6562 zachodniopomorskie Czaplinek
45%
8219 małopolskie Chełmek
42%
6240 podlaskie Choroszcz
39%
5038 wielkopolskie Czempiń
39%
2870 mazowieckie Chorzele
36%
3686 lubuskie Czerwieńsk
36%
976 mazowieckie Czerwińsk nad Wisłą
36%
2451 podlaskie Czyżew
36%
2922 zachodniopomorskie Chociwel
33%
1774 podkarpackie Cieszanów
33%
3630 małopolskie Czarny Dunajec
33%
2097 zachodniopomorskie Człopa
33%
7227 dolnośląskie Chocianów
30%
2356 mazowieckie Cegłów
27%
1670 kujawsko-pomorskie Chodecz
27%
706 mazowieckie Ciepielów
27%
2482 małopolskie Ciężkowice
27%
2633 lubuskie Cybinka
27%
1592 wielkopolskie Chocz
24%
2243 małopolskie Czchów
24%
1288 lubelskie Czemierniki
18%
2532 wielkopolskie Czerniejewo
18%
Nie znaleziono quizów pasujących do podanych kryteriów
Rozkład punktacji
Procent ludzi z każdym wynikiem
Percentyl według liczby udzielonych odpowiedzi
Twoja historia wyników
Nie rozwiązałeś tego quizu od ostatniego zresetowania